Quy định mới về áp dụng hệ thống quản lý chất lượng TCVN ISO 9001-2000 vào hoạt động của cơ quan hành chính nhà nước

Quyển sách này quy định về việc áp dụng hệ thống quản lý chất lượng theo tiêu chuẩn TCVN ISO 9001:2000 trong các cơ quan hành chính nhà nước, bao gồm các nội dung liên quan đến việc xây dựng hệ thống quản lý chất lượng, thực hiện và đánh...

Popoln opis

Shranjeno v:
Bibliografske podrobnosti
Format: Knjiga
Jezik:Undetermined
Izdano: Hà Nội Chính trị Quốc gia 2007
Teme:
Oznake: Označite
Brez oznak, prvi označite!
Thư viện lưu trữ: Trung tâm Học liệu Trường Đại học Cần Thơ
LEADER 01207nam a2200193Ia 4500
001 CTU_136911
008 210402s9999 xx 000 0 und d
020 |c 7000 
082 |a 352.2 
082 |b Qu600 
245 0 |a Quy định mới về áp dụng hệ thống quản lý chất lượng TCVN ISO 9001-2000 vào hoạt động của cơ quan hành chính nhà nước 
260 |a Hà Nội 
260 |b Chính trị Quốc gia 
260 |c 2007 
520 |a Quyển sách này quy định về việc áp dụng hệ thống quản lý chất lượng theo tiêu chuẩn TCVN ISO 9001:2000 trong các cơ quan hành chính nhà nước, bao gồm các nội dung liên quan đến việc xây dựng hệ thống quản lý chất lượng, thực hiện và đánh giá, cấp giấy chứng nhận đối với cơ quan hành chính nhà nước 
650 |a Public administration,Quality management systems,Quality control,Trung tâm Học liệu ĐHCT 
650 |x Hành chính công quyền 
904 |i Năm 
980 |a Trung tâm Học liệu Trường Đại học Cần Thơ